000 00565nam a22001937a 4500
005 20260604164805.0
008 260425b |||||||| |||| 00| 0 eng d
020 _a9781944660710
_c1650.00
040 _aMAIN
041 _aEnglish
082 _a535.353
_bNAK
100 _aNakanishi, Noboru
_926762
245 _aDifferential Equations and their Applicaions
_b: Analysis from a Physicist`s Viewpoint
260 _aNew Jersey
_bWorld Scientific
_c2024
300 _a385
650 _aMathematics (PM USHA)
_926738
700 _aSeto, Kenji
_926763
942 _cBK
999 _c60745
_d60745